000 00763nam a2200253Ia 4500
003 OSt
005 20220928151046.0
006 a|||||r|||| 00| 0
007 ta
008 220927b |||||||| |||| 00| 0 eng d
020 _c2936.8000000000002
024 _a109007
037 _b639, 25/08/2010, Insat Books and Periodicals
_cTextual
040 _aSDCL
_cSDCL
_beng
041 _2eng
_aeng
082 _aBv, Q0
100 _aDahan-Dalmedico Amy
_9516349
245 0 _aHistory of mathematics
_b Highways and byways.
260 _c2010
650 _aMathematics
700 _a Peiffer Jeanne
_9516350
942 _hBv, Q0
_cTEXL
_2CC
999 _c848744
_d848744